LEADER 01735nas0-2200481---450- 001 990000955610203316 005 20080627134208.0 035 $a0095561 035 $aUSA010095561 035 $a(ALEPH)000095561USA01 035 $a0095561 100 $a20020212d1996----km-y0itay0103----ba 101 0 $aita 102 $aIT 110 $aaja-------- 200 1 $aScienza e sapienza$erivista semestrale$fdiretta da Marcello Caleo 207 1$aA.1, n.1 (gen.-giu. 1996)- 210 $aSalerno$cEdisud$d1996- 215 $av.$d24 cm 326 $aSemestrale 606 0 $aReligione$xPeriodci 606 0 $aFilosofia$xPeriodici 676 $a200.5 702 1$aCALEO,$bMarcello 801 0$aIT$bsalbc$gISBD 912 $a990000955610203316 958 $aUMA$bFondo$cA.1 (1996)-A.5 (2000); 959 $aSE 979 $aPATTY$b90$c20020212$lUSA01$h0958 979 $aPATTY$b90$c20020212$lUSA01$h1000 979 $c20020403$lUSA01$h1738 979 $aANNAPIA$b90$c20020704$lUSA01$h1033 979 $aANNAPIA$b90$c20020704$lUSA01$h1035 979 $aVITTORIANA$b90$c20040116$lUSA01$h1325 979 $aPATRY$b90$c20040406$lUSA01$h1706 979 $aVITTORIANA$b90$c20080627$lUSA01$h1325 979 $aVITTORIANA$b90$c20080627$lUSA01$h1327 979 $aVITTORIANA$b90$c20080627$lUSA01$h1338 979 $aVITTORIANA$b90$c20080627$lUSA01$h1342 996 $aScienza e sapienza$9973432 997 $aUNISA Z30 2$lUSA50$LAdministrative$mISSUE$1UMA$AUMA$3Varie 16$5134943-10$820020704$a2001$b6$c1$f09$FNON Prestabile$hA.6, n.1 (2001)$i20010628$j20010728 Z30 2$lUSA50$LAdministrative$mISSUE$1UMA$AUMA$3Varie 16$5134943-20$820020704$a2001$b6$c2$f09$FNON Prestabile$hA.6, n.2 (2001)$i20011228$j20020127 LEADER 01297nam--2200421---450- 001 990006050260203316 005 20150701121307.0 010 $a88-311-3008-0 035 $a000605026 035 $aUSA01000605026 035 $a(ALEPH)000605026USA01 035 $a000605026 100 $a20140716d1990----km-y0itay50------ba 101 $aita 102 $aIT 105 $a||||||||001yy 200 1 $a<> catechesi ai misteri$fCirillo e Giovanni di Gerusalemme$gtraduzione, introduzione e note a cura di Antonio Quacquarelli 205 $a3. ed. 210 $aRoma$cCittà Nuova$d1990 215 $a101 p.$d21 cm. 225 2 $aCollana di testi patristici$v8 410 0$12001$aCollana di testi patristici$v8 454 1$12001 461 1$1001-------$12001 606 0 $aCatechesi$2BNCF 676 $a238.1 700 1$aCYRILLUS :$cHierosolymitanus$c$0161597 701 1$aJOHANNES :$cHierosolymitanus$0619065 702 1$aQUACQUARELLI,$bAntonio 801 0$aIT$bsalbc$gISBD 912 $a990006050260203316 951 $aXVII.B. Coll. 1/8$b465 DLM$cXVII.B.$d380918 959 $aBK 969 $aDILAM 979 $aRIVELLI$b90$c20150617$lUSA01$h1018 979 $aRIVELLI$b90$c20150701$lUSA01$h1213 996 $aCatechesi ai misteri$91070406 997 $aUNISA